Vista normal
Vista MARC
Entrada Personal Name
Número de registros utilizados en: 2
001 - CONTROL NUMBER
- control field: 17324
003 - CONTROL NUMBER IDENTIFIER
- control field: DLC
005 - DATE AND TIME OF LATEST TRANSACTION
- control field: 20250714140359.0
008 - FIXED-LENGTH DATA ELEMENTS
- fixed length control field: 130904n| azannaabn |a aaa c
010 ## - LIBRARY OF CONGRESS CONTROL NUMBER
- LC control number: ns2013002776
035 ## - SYSTEM CONTROL NUMBER
- System control number: (OCoLC)oca09564391
040 ## - CATALOGING SOURCE
- Original cataloging agency: MX-SlUA
- Language of cataloging: spa
- Description conventions: rda
- Transcribing agency: Mx-PuUPA
- Modifying agency: DLC
- Modifying agency: IEN
- Modifying agency: DLC
- Modifying agency: Mx-PuUPA
100 1# - HEADING--PERSONAL NAME
- Personal name: Gutiérrez Robledo, Luis Miguel,
370 ## - ASSOCIATED PLACE
- Associated country: Francia
- Place of residence/headquarters: Distrito Federal (México)
- Source of term: naf
372 ## - FIELD OF ACTIVITY
- Field of activity: Geriatría
- Field of activity: Envejecimiento
- Field of activity: Ciencias médicas
- Source of term: lcsh
373 ## - ASSOCIATED GROUP
- Associated group: Academia Nacional de Medicina de México
- Source of term: naf
373 ## - ASSOCIATED GROUP
- Associated group: Instituto de Geriatría (México)
373 ## - ASSOCIATED GROUP
- Associated group: Instituto Nacional de Geriatría (Mexico)
- Source of term: naf
374 ## - OCCUPATION
- Occupation: Profesor universitario
- Occupation: Ejecutivo médico
- Occupation: Geriatra
- Occupation: Autor
- Source of term: lcsh
375 ## - GENDER
- Gender: hombre
377 ## - ASSOCIATED LANGUAGE
- Language code: spa
- Language code: fre
378 ## - FULLER FORM OF PERSONAL NAME
- Fuller form of personal name: Luis Miguel Francisco
400 1# - SEE FROM TRACING--PERSONAL NAME
- Personal name: Robledo, Luis Miguel Gutiérrez
400 1# - SEE FROM TRACING--PERSONAL NAME
- Personal name: Gutiérrez, Luis
- Fuller form of name: (Luis Miguel Francisco Gutiérrez Robledo)
400 1# - SEE FROM TRACING--PERSONAL NAME
- Personal name: Gutiérrez, L. M.
- Fuller form of name: (Luis Miguel Francisco Gutiérrez Robledo)
670 ## - SOURCE DATA FOUND
- Source citation: Geriatría para el médico familiar, ©2012:
- Information found: title page (Luis Miguel Gutiérrez Robledo; Especialidad en Geriatría; Universidad de Grenoble, Francia; Maestro en Biología del Envejecimiento; Universidad de Paris y Doctor en Ciencias Médicas; Universidad de Burdeos; Académico numerario; Academia Nacional de Medicina; Director, Instituto de Geriatría)
670 ## - SOURCE DATA FOUND
- Source citation: Derechos humanos de las personas de la tercera edad, 21 de junio de 2013:
- Information found: t.p. (Luis Miguel Gutiérrez Robledo) p. 52-53 (in bib. refs.: Gutiérrez, Luis; L.M. Gutiérrez) p. 172-173 (Luis Miguel Francisco Gutiérrez Robledo; general director, Instituto Nacional de Geriatría; most of his publications are related to research on clinical geriatrics, Alzheimer's disease and the epidemiology of aging)